01161nam a2200301 a 450000500170000000800410001704000250005804100080008304400070009109000130009810000360011124501650014726000750031230000080038765000220039565000290041765000270044665000240047365000190049765000170051665000100053365000180054365000430056166200470060494200160065199900150066795201770068220191224041623.0140304b1999 ck |||||rm||| 00| 0 spa d aCO-BoIAVHcCO-BoIAVH aspa ack aTEb0110 aMendoza Sabogal, Javier Eduardo aAnálisis multitemporal (1940-1996) del cambio de la cobertura vegetal en dos áreas del borde sur occidental de la Sabana de Bogotá, Cundinamarca, Colombia aBogotábPontificia Universidad Javeriana. Facultad de Cienciasc1999 a123 aCobertura vegetal aAnálisis multitemporal aEcología del paisaje aUnidades de paisaje aImpacto humano aVegetación aFauna aUso del suelo aSistemas de información geográfica aColombiacSabana de BogotábCundinamarca cTESIS2z01 c2104d2104 00102z40708TESISIINV2017aBogotabBogotad2001-01-30eBaptiste, Luis Guillermol1oTE-0110p002609r2016-09-13 00:00:00s2016-09-13tEj. 1w2012-12-04xDonacionyTESIS